The art of George Frederick Handel and Josef Rheinberger ... (Record no. 91538)
[ view plain ]
| 000 -LEADER | |
|---|---|
| fixed length control field | 00516cam a2200169u 4500 |
| 001 - CONTROL NUMBER | |
| control field | unk84057445 |
| 003 - CONTROL NUMBER IDENTIFIER | |
| control field | DLC |
| 005 - DATE AND TIME OF LATEST TRANSACTION | |
| control field | 20260227112801.0 |
| 008 - FIXED-LENGTH DATA ELEMENTS--GENERAL INFORMATION | |
| fixed length control field | 841113s1928 iluac 000 0 eng |
| 010 ## - LIBRARY OF CONGRESS CONTROL NUMBER | |
| LC control number | unk84057445 |
| 040 ## - CATALOGING SOURCE | |
| Original cataloging agency | DLC |
| Transcribing agency | CarP |
| Modifying agency | DLC |
| 050 00 - LIBRARY OF CONGRESS CALL NUMBER | |
| Classification number | MT140 |
| Item number | .B7 |
| 110 2# - MAIN ENTRY--CORPORATE NAME | |
| Corporate name or jurisdiction name as entry element | Brunswick-Balke-Collender company. |
| 245 14 - TITLE STATEMENT | |
| Title | The art of George Frederick Handel and Josef Rheinberger ... |
| 260 ## - PUBLICATION, DISTRIBUTION, ETC. | |
| Place of publication, distribution, etc. | (Chicago, |
| Name of publisher, distributor, etc. | The Brunswick-Balke-Collender company, |
| Date of publication, distribution, etc. | c1928) |
| 300 ## - PHYSICAL DESCRIPTION | |
| Extent | [12] p. |
| Other physical details | illus. (ports.) |
| Dimensions | 21 cm. |
No items available.